| 000 | 00743cab a2200229 4500 | ||
|---|---|---|---|
| 001 | ABS60570 | ||
| 008 | 090401t1999 xxu||||| |||| 00| 0 eng d | ||
| 035 | _a(Sirsi) u92672 | ||
| 041 | _aeng | ||
| 245 | _aSelf-development builds your career | ||
| 260 | _c1999 | ||
| 350 | _a0 | ||
| 490 |
_aEstates Gazette _v(9913) 3 April 1999, 112-113(2) |
||
| 520 | _aA `Mainly for students` article exploring the aims and techniques of continuing professional development (CPD). | ||
| 650 | _aCAREERS, EDUCATION AND TRAINING | ||
| 650 | _aCONTINUING PROFESSIONAL DEVELOPMENT | ||
| 650 | _aCPD | ||
| 650 | _aPERSONAL DEVELOPMENT PLANNER | ||
| 690 | _aMANAGEMENT-BUSINESS MANAGEMENT-PROFESSIONAL PRACTICE | ||
| 942 | _n0 | ||
| 948 | _c12/04/1999 | ||
| 999 |
_c58740 _d58740 |
||